Twitter (X) accounts with the most followers - Statistics

General Stats
  • This quiz has been taken 38 times
    17 since last reset
  • The average score is 7 of 20
Answer Stats
Followers (millions) Person/company % Correct
215.4 Elon Musk
88%
100.1 Donald Trump
81%
114.5 Cristiano Ronaldo
63%
94.6 Taylor Swift
63%
130.8 Barack Obama
56%
68.3 X
56%
109.6 Justin Bieber
44%
63.8 Neymar
38%
108.2 Rihanna
31%
65.6 Selena Gomez
31%
65.7 Bill Gates
25%
63.8 CNN Breaking News
25%
105.5 Katy Perry
19%
75.1 Kim Kardashian
19%
82.4 Lady Gaga
13%
65.4 Virat Kohli
13%
79.5 YouTube
13%
104.7 Narendra Modi
6%
84.8 NASA
6%
73.4 Ellen DeGeneres
0%
No matching quizzes found
Score Distribution
Percent of People with Each Score
Percentile by Number Answered
Your Score History
You have not taken this quiz since the last reset